000 00708nam a2200217 a 4500
999 _c3916
_d3916
001 3916
003 BD-JhCC
005 20171119191522.0
008 171119s bg a|||| ||a| 000 0 ben d
035 _a(BD-JhCC)3916
040 _aBD-JhCC
_dBD-JhCC
041 _aben
082 _a954.91
_bPAK
100 _aপাকিস্তান
245 _aপাকিস্তানের সাংস্কৃতিক উত্তরাধিকার /
_cসৈয়দ আলী আহসান, অনুবাদক
300 _a327 p. :
_c21 cm.
650 _aCulture
_zPakistan
700 _aআহসান, সৈয়দ আলী , অনুবাদক
942 _2ddc
_cBK